| 000 | 00435nam a2200181Ia 4500 | ||
|---|---|---|---|
| 005 | 20240823013312.0 | ||
| 008 | 240823s9999||||xx |||||||||||||| ||und|| | ||
| 041 | _aENGLISH | ||
| 082 | _A004 P2 | ||
| 100 | _aMahadevan R | ||
| 245 | 0 | _aComputer Practice - II | |
| 250 | _a1st | ||
| 260 |
_c2002 _b"Aassaan eduCare,Chennai" |
||
| 500 | _aTRANSFERED | ||
| 650 |
_aComputer Engg _bComputer Science |
||
| 942 | _cBK | ||
| 999 |
_c166857 _d166857 |
||